|
|
|
|
| LEADER |
01536nam a2200385Ia 4500 |
| 001 |
EBC3238145 |
| 003 |
MiAaPQ |
| 005 |
20200520144314.0 |
| 006 |
m o d | |
| 007 |
cr cn||||||||| |
| 008 |
111017s2011 si a sb 001 0 eng d |
| 020 |
|
|
|z 9789814332163
|
| 020 |
|
|
|a 9789814332484 (electronic bk.)
|
| 035 |
|
|
|a (MiAaPQ)EBC3238145
|
| 035 |
|
|
|a (Au-PeEL)EBL3238145
|
| 035 |
|
|
|a (CaPaEBR)ebr10605264
|
| 035 |
|
|
|a (CaONFJC)MIL484764
|
| 035 |
|
|
|a (OCoLC)815471434
|
| 040 |
|
|
|a MiAaPQ
|c MiAaPQ
|d MiAaPQ
|
| 050 |
|
4 |
|a HC427.92
|b .C4251 2011
|
| 100 |
1 |
|
|a Cheng, Siwei.
|
| 245 |
1 |
0 |
|a Selected works of Cheng Siwei
|h [electronic resource] :
|b economic reforms and development in China.
|n Volume 1 /
|c Cheng Siwei, translated by Chan Sin-wai.
|
| 246 |
3 |
|
|a Economic reforms and development in China
|
| 260 |
|
|
|a Singapore :
|b Enrich Professional Pub.,
|c 2011.
|
| 300 |
|
|
|a xiii, 389 p. :
|b ill.
|
| 504 |
|
|
|a Includes bibliographical references and index.
|
| 533 |
|
|
|a Electronic reproduction. Ann Arbor, MI : ProQuest, 2015. Available via World Wide Web. Access may be limited to ProQuest affiliated libraries.
|
| 650 |
|
0 |
|a Economic development
|z China.
|
| 651 |
|
0 |
|a China
|x Economic conditions
|y 1976-2000.
|
| 651 |
|
0 |
|a China
|x Economic conditions
|y 2000-
|
| 651 |
|
0 |
|a China
|x Economic policy
|y 1976-2000.
|
| 651 |
|
0 |
|a China
|x Economic policy
|y 2000-
|
| 655 |
|
4 |
|a Electronic books.
|
| 710 |
2 |
|
|a ProQuest (Firm)
|
| 856 |
4 |
0 |
|u https://ebookcentral.proquest.com/lib/matrademy/detail.action?docID=3238145
|z Click to View
|